Normal view MARC view

Entry Personal Name

Number of records used in: 1

001 - CONTROL NUMBER

  • control field: 1185042

003 - CONTROL NUMBER IDENTIFIER

  • control field: OSt

005 - DATE AND TIME OF LATEST TRANSACTION

  • control field: 20260324131318.0

008 - FIXED-LENGTH DATA ELEMENTS

  • fixed length control field: 260324|| aca||aabn | a|a d

040 ## - CATALOGING SOURCE

  • Original cataloging agency: OSt
  • Transcribing agency: OSt

100 ## - HEADING--PERSONAL NAME

  • Personal name: Peter Dudley; Patrick Carmichael; Bethan Marshall; Richard Procter; Paul Black; David Frost; John MacBeath; David Pedder; Sue Swaffield; Robert McCormick; Colin Conner; Leslie Honour; DYLAN WILIAM; Alison Fox; Mary James

670 ## - SOURCE DATA FOUND

  • Source citation: Work cat.: (OSt)1782067: Peter Dudley; Patrick Carmichael; Bethan Marshall; Richard Procter; Paul Black; David Frost; John MacBeath; David Pedder; Sue Swaffield; Robert McCormick; Colin Conner; Leslie Honour; DYLAN WILIAM; Alison Fox; Mary James, Learning How to Learn
Copyright @ Delhi University Library System